Estatísticas para Os 15 principais países com mortes por Covid19 - 8 de julho

Clique aqui para jogar o quiz

Estatísticas Gerais

  • Esse quiz foi jogado 3 vezes
  • A pontuação média é 16 de 19

Estatísticas das Respostas

país% Correto
Brasil
100%
Espanha
100%
Estados Unidos
100%
França
100%
Índia
100%
Irão
100%
Itália
100%
México
100%
Reino Unido
100%
Rússia
100%
Suécia
100%
Alemanha
67%
Bélgica
67%
Chile
67%
Equador
67%
Irlanda
67%
Países Baixos
67%
Canadá
33%
Peru
33%

Distribuição das Pontuações

Percentil de Números Respondidos

Porcentagem de Pessoas com Cada Pontuação

Sua Pontuação Histórica

Você não jogou esse quiz